000 00451nam a2200157Ia 4500
008 100122s9999 xx 000 0 und d
082 _b29237
_a823.08
100 _aमाळवदे रमण
245 _aब्रम्हाक्षर
250 _a0
260 _bढवळे प्रकाशन
_c1905
300 _a135
630 _aब्रम्हाक्षर
730 _aब्रम्हाक्षर
942 _cBOOK
999 _c414662
_d414659